|
|
|
|
| LEADER |
00000nab#a22000007a#4500 |
| 001 |
arbauad026543 |
| 003 |
AR-BaUAD |
| 005 |
20250711112204.0 |
| 008 |
970423|||||||||###||||||b###|0###a|spa|| |
| 040 |
|
|
|a AR-BaUAD
|c AR-BaUAD
|b spa
|
| 100 |
|
|
|a Fletcher, Alan
|
| 245 |
|
|
|a Josef Müller Brockmann :
|b "el diseño demanda, en gran medida, no sólo capacidad emocional sino intelectual para llegar al logro creativo" /
|c Alan Fletcher; Ronald Shakespear; Yves Zimmermann;
|
| 300 |
0 |
|
|b fot., il.
|
| 653 |
|
|
|a DISEÑO GRAFICO
|
| 653 |
|
|
|a MULLER BROCKMANN, JOSEF
|
| 653 |
|
|
|a AFICHES
|
| 653 |
|
|
|a DISEÑADORES GRAFICOS
|
| 653 |
|
|
|a TRAYECTORIA PROFESIONAL
|
| 653 |
|
|
|a CRITICAS
|
| 700 |
1 |
|
|a Shakespear, Ronald
|
| 700 |
1 |
|
|a Zimmermann, Yves
|
| 773 |
0 |
|
|t TIPOGRAFICA
|g año 11, no. 31 [1997], p. 10-15
|
| 942 |
|
|
|c ARTI
|
| 952 |
|
|
|0 0
|1 0
|4 0
|7 0
|9 71462
|a AR-BAuAD
|b AR-BAuAD
|d 2025-07-11
|l 0
|p AAQA026543
|r 2025-07-11 11:22:04
|w 2025-07-11
|y ARTI
|
| 990 |
|
|
|a DG199
|b TD
|
| 998 |
|
|
|a AAQ
|b BIBUN76
|
| 999 |
|
|
|c 51135
|d 51135
|